Regulation and Regulatory Processes : (Record no. 619108)

MARC details
000 -LEADER
fixed length control field 00500nam a2200181 a 4500
008 - FIXED-LENGTH DATA ELEMENTS--GENERAL INFORMATION
fixed length control field 260408s2007##################000#0#eng##
020 ## - INTERNATIONAL STANDARD BOOK NUMBER
ISBN 9780754625186
082 04 - DEWEY DECIMAL CLASSIFICATION NUMBER
Classification number 348.026
Item number COG
100 1# - MAIN ENTRY--AUTHOR NAME
Personal name Coglianese, Cary,
245 10 - TITLE STATEMENT
Title Regulation and Regulatory Processes :
260 ## - PUBLICATION, DISTRIBUTION, ETC. (IMPRINT)
Name of publisher Ashgate Publishing,
Year of publication 2007.
650 #0 - SUBJECT ADDED ENTRY--TOPICAL TERM
Topical Term Administrative procedure.
942 ## - ADDED ENTRY ELEMENTS (KOHA)
Koha item type English Books
Holdings
Withdrawn status Lost status Damaged status Not for loan Home library Current library Shelving location Date acquired Full call number Accession Number Price effective from Koha item type
        Anna Centenary Library Anna Centenary Library 4TH FLOOR, A WING 08.04.2026 348.026 COG 278746 08.04.2026 English Books

Find us on the map